| 000 | 00709nam a2200253Ia 4500 | ||
|---|---|---|---|
| 008 | 171120s9999 xx 000 0 und d | ||
| 020 | _a9710863983 | ||
| 050 | _a418.4 | ||
| 050 | _bA778 2009 | ||
| 100 | _aArrogante, Jose A. | ||
| 245 | _aPinaunlad na pagbasa at pagsulat / | ||
| 245 | _cby Jose A. Arrogante, Nathaniel S. Golla and Angelica Honor-Ballena. | ||
| 260 | _aPhilippines : | ||
| 260 | _bNational Book Store, | ||
| 260 | _c2009 | ||
| 300 | _a278 pages : | ||
| 300 | _billustrations ; | ||
| 300 | _c22cm. | ||
| 650 | _aReading and comprehension. | ||
| 650 | _aReading and writing. | ||
| 700 | _aGolla, Nathaniel S. | ||
| 700 | _aHonor-Ballena, Angelica . | ||
| 700 | _aTitle. | ||
| 999 |
_c345258 _d345258 |
||